Carregant...

The French Language

Dades bibliogràfiques
Autor principal: Ewert, Alfred
Format: Printed Book
Publicat: London; Faber & Faber ltd; 1923
Matèries:
LEADER 00458nam a22001337a 4500
082 |a 410  |b EWE/T G3 
100 |a Ewert, Alfred  |9 160245 
245 |a The French Language 
260 |a London;  |b Faber & Faber ltd;  |c 1923 
300 |a 439p. 
650 |a Language/ Lingustics;   |9 297623 
942 |c BK 
999 |c 61277  |d 61277 
952 |0 0  |1 0  |4 0  |6 410_000000000000000_EWE_T_G3  |7 0  |8 EnglishL  |9 73589  |a MAL  |b MAL  |d 2016-09-22  |e 7050  |l 0  |o 410 EWE/T G3  |p MAL007050  |r 2016-09-22  |t 1  |w 2016-09-22  |y BK